00382nam a22001097a 4500082002900000110002900029245009000058260006600148300001300214526003700227650000800264 a625.77bPUBcL-181, P-16 aU.S Federal Work Agency. aPublic Control of Highway access and roadside development /cU.S Federal Work Agency. aUSA :bPublic Road Administration Federal Work Agency,c1947. a154 p. : a0b0c0d625_770000000000000_PUB aMCE